000 00444nam a2200193Ia 4500
003 OSt
005 20221005123417.0
006 a|||||r|||| 00| 0
007 ta
008 221004b |||||||| |||| 00| 0 eng d
024 _a112120
037 _cTextual
040 _aCRL
_cCRL
_beng
041 _2eng
_aeng
245 0 _aLegacy report of the commission of ------
260 _c1963
942 _cTEXL
_2cc
999 _c1047333
_d1047333